Statistics for invisible string lyrics

Click here to take the quiz!

General Stats

  • This quiz has been taken 119 times
  • The average score is 261 of 296

Answer Stats

Lyrics% Correct
I
100%
me
100%
me?
100%
You
100%
you
100%
a
98%
A
98%
in
98%
invisible
98%
of
98%
so
98%
string
98%
the
98%
then
98%
there
98%
think
98%
to
98%
was
98%
who
98%
at
97%
Green
97%
my
97%
Park
97%
some
97%
used
97%
your
97%
an
95%
color
95%
it
95%
little
95%
meet
95%
money
95%
read
95%
tying
95%
when
95%
where
95%
work
95%
And
93%
and
93%
isn't
93%
make
93%
shirt
93%
somebody
93%
would
93%
just
92%
LA
92%
pretty
92%
time,
92%
time
92%
Time,
92%
Were
92%
were
92%
all
90%
clues
90%
didn't
90%
grass
90%
see?
90%
shop
90%
along
89%
first
89%
no
89%
on
89%
yogurt
89%
American
87%
for
87%
singer
87%
sixteen
87%
that
87%
trip
87%
Centennial
85%
Teal
85%
curious
84%
like
84%
One
84%
said
84%
ate
82%
dinner
82%
favorite
82%
lakes
82%
looked
82%
She
82%
their
82%
baby,
80%
by
80%
Ooh
80%
our
80%
tied
80%
broke
79%
but
79%
cuttin'
79%
heart,
79%
presents
79%
song
79%
babies
77%
blood
77%
Gold
77%
gold
77%
now
77%
spot
77%
bar
75%
boys
75%
demons,
75%
down
75%
open,
75%
send
75%
Bad
74%
Bold
74%
cab
74%
gave
74%
healin'
74%
heaven
74%
Hell
74%
pulled
74%
around
72%
brought
72%
fine
72%
mystical
72%
out
72%
purple
72%
single
72%
three
72%
waitress
72%
blues
70%
journey,
70%
pink
70%
year
70%
barbed
69%
compasses,
69%
lunch
69%
skies
69%
thread
69%
wire
69%
dive
67%
getting
67%
it's
67%
seasons
67%
signs
67%
Something
66%
axe
64%
invisible
64%
right
64%
wondrous
64%
Cold
62%
mistakes
62%
past
62%
showed
62%
wrapped
62%
grind
61%
leaves
61%
with
61%
wrong
61%
Chains
59%
into
59%
steel
56%
arms
54%
cool,
54%
brave
46%
wool
46%

Score Distribution

Percentile by Number Answered

Percent of People with Each Score

Your Score History

You have not taken this quiz